Guinness world records 2006 [edition] (Record no. 45194)

MARC details
000 -LEADER
fixed length control field 00846nam a2200193 a 4500
001 - CONTROL NUMBER
control field 17134565
008 - FIXED-LENGTH DATA ELEMENTS--GENERAL INFORMATION
fixed length control field 161006s9999 ||||||||||||||||| || u
010 ## - LIBRARY OF CONGRESS CONTROL NUMBER
LC control number 2012207331
050 ## - LIBRARY OF CONGRESS CALL NUMBER
Classification number GV 1469.3 Gui
110 ## - MAIN ENTRY--CORPORATE NAME
Corporate name or jurisdiction name as entry element Guinness World Records Limited
245 10 - TITLE STATEMENT
Title Guinness world records 2006 [edition]
Statement of responsibility, etc. edited by Craig Glenday and others
250 ## - EDITION STATEMENT
Edition statement Gamer's ed.
260 ## - PUBLICATION, DISTRIBUTION, ETC.
Place of publication, distribution, etc. London
Name of publisher, distributor, etc. Guinness World Records
Date of publication, distribution, etc.
260 ## - PUBLICATION, DISTRIBUTION, ETC.
Place of publication, distribution, etc. London
Name of publisher, distributor, etc. Guinness World Records Limited
Date of publication, distribution, etc.
300 ## - PHYSICAL DESCRIPTION
Extent 288, ill.
520 ## - SUMMARY, ETC.
Summary, etc. Lists records, superlatives, and unusual facts about computer and video games, and includes interviews with champion gamers, tips on play, and profiles of the best-selling games.
650 #0 - SUBJECT ADDED ENTRY--TOPICAL TERM
Topical term or geographic name entry element WORLD RECORDS
995 ## - RECOMMENDATION 995 [LOCAL, UNIMARC FRANCE]
-- CBU-MAIN LIBRARY (Kitwe)
-- 1
-- AVAILABLE
-- Oct 6, 2016
-- Reference Collection
Holdings
Withdrawn status Lost status Source of classification or shelving scheme Damaged status Not for loan Home library Current library Shelving location Date acquired Total Checkouts Full call number Barcode Date last seen Price effective from Koha item type
          CBU-MAIN LIBRARY, KITWE. CBU-MAIN LIBRARY, KITWE.   11/30/2022   GV 1469.3 Gui 746852 11/30/2022 11/30/2022 MONOGRAPH